A Communist Party in action ; an account of the organization and operations in France /

Bibliographic Details
Main Author: Tasca, Angelo, 1892-1960
Format: Book
Language:English
French
Published: New Haven : Yale University Press, 1949.
Subjects:

MARC

Tag First Indicator Second Indicator Subfields
LEADER 00000cam a2200000 4500
001 in00000058199
005 20151008051512.0
008 740520s1949 ctu b 00000 eng u
010 |a  49011815  
035 |a (OCoLC)00891204 
035 |9 AAG8310AM 
040 |c ANC  |d OCL  |d TXA  |d UtOrBLW 
041 1 |a eng  |a fre 
049 |a TXAM  |c [209589] 
050 0 |a JN3007.C6  |b T313 
082 0 |a 329.9/44 
092 |a 329.944  |b T197c 
100 1 |a Tasca, Angelo,  |d 1892-1960. 
240 1 0 |a Physiologie du Parti communiste francaise. English 
245 1 2 |a A Communist Party in action ;  |b an account of the organization and operations in France /  |c by A. Rossi [pseudonym] Translated and edited, with an introd. by Willmoore Kendall. 
264 1 |a New Haven :  |b Yale University Press,  |c 1949. 
300 |a xxiv, 301 pages ;  |c 25 cm. 
336 |a text  |b txt  |2 rdacontent 
337 |a unmediated  |b n  |2 rdamedia 
338 |a volume  |b nc  |2 rdacarrier 
500 |a "A somewhat abridged English translation of A. Rossi's Physiologie du Parti communiste francais." 
504 |a Bibliographical references included in "Notes" (pages [269]-289). 
610 2 0 |a Parti communiste français. 
650 0 |a Communism  |z France. 
999 |a MARS 
999 f f |s 2d2cd468-b3c0-3fc8-85e3-03c0a32f1365  |i 49f562d5-cbac-3ed2-8f3f-7a9e956fcc0f  |t 0 
952 f f |p ric  |a Texas A&M University  |b Rellis Campus  |c Joint Library Facility  |d Remote Storage  |t 0  |e JN3007.C6 T313  |h Library of Congress classification  |i unmediated -- volume  |m A14800684615 
998 f f |a JN3007.C6 T313  |t 0  |l Remote Storage